[Event "57th Biel Rapid Open"]
[Site "Biel SUI"]
[Date "2024.07.14"]
[Round "5.5"]
[White "Bilguun, Sumiya"]
[Black "Gan-Erdene, Sugar"]
[Result "0-1"]
[WhiteTitle "GM"]
[BlackTitle "IM"]
[WhiteElo "2458"]
[BlackElo "2407"]
[WhiteFideId "4901541"]
[BlackFideId "4902980"]
[EventDate "2024.07.14"]
[EventType "swiss"]

1. e4 c5 2. Nc3 e6 3. g3 Nc6 4. Bg2 Nf6 5. f4 d5 6. d3 Be7 7. Nh3 O-O 8. O-O Rb8
9. Nf2 b5 10. g4 b4 11. Ne2 dxe4 12. dxe4 Ba6 13. Qxd8 Rbxd8 14. Bf3 g5 15. Re1
gxf4 16. Bxf4 Nd7 17. Ng3 Nde5 18. Bd1 Ng6 19. Bh6 Rfe8 20. a3 Bb5 21. axb4 cxb4
22. Be2 Bxe2 23. Nxe2 Nce5 24. Red1 Bc5 25. h3 Rc8 26. c3 bxc3 27. bxc3 Rb8 28.
Kf1 Rb2 29. Rab1 Rxb1 30. Rxb1 Ra8 31. Nc1 a5 32. Nfd3 Be7 33. Ke2 a4 34. Nxe5
Nxe5 35. Rb7 Bf6 36. Na2 Nc4 37. Kd3 Ne5+ 38. Ke2 Bg7 39. Be3 Ng6 40. c4 Ne5 41.
c5 a3 42. Bc1 Rc8 43. Rb5 Nc4 44. Kd3 Nb2+ 45. Bxb2 axb2 46. Nc3 Bxc3 0-1

[Event "57th Biel Rapid Open"]
[Site "Biel SUI"]
[Date "2024.07.14"]
[Round "5.6"]
[White "Gloeckler, Christian"]
[Black "Moiseenko, Alexander"]
[Result "1/2-1/2"]
[WhiteTitle "FM"]
[BlackTitle "GM"]
[WhiteElo "2304"]
[BlackElo "2570"]
[WhiteFideId "34608966"]
[BlackFideId "14102560"]
[EventDate "2024.07.14"]
[EventType "swiss"]

1. e4 c5 2. Nf3 Nc6 3. Bb5 e6 4. Bxc6 bxc6 5. b3 f6 6. Bb2 Nh6 7. O-O Nf7 8. Re1
Be7 9. Nc3 O-O 10. Ne2 e5 11. Ng3 g6 12. c3 d5 13. d4 dxe4 14. Nxe4 cxd4 15.
cxd4 f5 16. Nc5 e4 17. Nd2 Bf6 18. Nc4 Bg7 19. Qc2 Qd5 20. Ne3 Qd8 21. Nc4 1/2-1/2

[Event "57th Biel Rapid Open"]
[Site "Biel SUI"]
[Date "2024.07.14"]
[Round "5.7"]
[White "Sadorra, Julio Catalino"]
[Black "Nurgaliyeva, Zarina"]
[Result "1-0"]
[WhiteTitle "GM"]
[BlackTitle "WFM"]
[WhiteElo "2542"]
[BlackElo "2135"]
[WhiteFideId "5201268"]
[BlackFideId "13730096"]
[EventDate "2024.07.14"]
[EventType "swiss"]

1. d4 Nf6 2. Bf4 d5 3. Nc3 a6 4. e3 h6 5. Bd3 c5 6. Nf3 Nc6 7. dxc5 Bg4 8. Be2
e6 9. Na4 Bxc5 10. Nxc5 Qa5+ 11. Nd2 Bxe2 12. Nxb7 Bxd1 13. Nxa5 Nxa5 14. Kxd1
Nc4 15. Nxc4 dxc4 16. Ke2 Nd5 17. Bg3 h5 18. e4 Nb4 19. Rhc1 Nc6 20. f3 O-O-O
21. Bf2 Rd7 22. Rd1 Rb7 23. b3 Nb4 24. Bc5 a5 25. bxc4 Nxc2 26. Rab1 Nb4 27. a3
Na6 28. Bd6 Rd8 29. Rb5 f6 30. f4 h4 31. e5 f5 32. Rxa5 Rb6 33. c5 Rb2+ 34. Rd2
Rxd2+ 35. Kxd2 Nc7 36. c6 1-0

[Event "57th Biel Rapid Open"]
[Site "Biel SUI"]
[Date "2024.07.14"]
[Round "5.8"]
[White "Xiao, Tong(QD)"]
[Black "Saraci, Nderim"]
[Result "1-0"]
[BlackTitle "IM"]
[WhiteElo "2518"]
[BlackElo "2447"]
[WhiteFideId "8622388"]
[BlackFideId "6351921"]
[EventDate "2024.07.14"]
[EventType "swiss"]

1. e4 d6 2. d4 g6 3. Nc3 Bg7 4. Be3 a6 5. a4 Nd7 6. Qd2 c5 7. d5 Rb8 8. a5 Ngf6
9. f3 b5 10. axb6 Nxb6 11. Bh6 Bxh6 12. Qxh6 e6 13. dxe6 Bxe6 14. Bxa6 Nbd7 15.
Bb5 Ke7 16. Nge2 Ra8 17. O-O Qb6 18. Nf4 c4+ 19. Kh1 Qc5 20. Nxe6 Kxe6 21. Qh3+
Ke7 22. Bxd7 1-0

[Event "57th Biel Rapid Open"]
[Site "Biel SUI"]
[Date "2024.07.14"]
[Round "5.9"]
[White "Erne, Raphael"]
[Black "Assaubayeva, Bibisara"]
[Result "0-1"]
[BlackTitle "IM"]
[WhiteElo "2108"]
[BlackElo "2472"]
[WhiteFideId "1341928"]
[BlackFideId "13708694"]
[EventDate "2024.07.14"]
[EventType "swiss"]

1. c4 Nf6 2. g3 g6 3. Bg2 Bg7 4. Nc3 O-O 5. Nf3 d6 6. O-O c5 7. d4 Nc6 8. dxc5
dxc5 9. Be3 Qa5 10. Qb3 Qb4 11. Qxb4 cxb4 12. Nd5 Bf5 13. Bc5 Rfc8 14. Nxe7+
Nxe7 15. Bxe7 Rxc4 16. Ne5 Rc2 17. Bxb4 Re8 18. Nf3 Nd5 19. Bc3 Nxc3 20. bxc3
Bxc3 21. Rac1 Rexe2 22. Rxc2 Rxc2 23. Ne1 Rxa2 24. Bxb7 a5 25. Nf3 a4 26. Bd5
Rc2 27. Rb1 a3 28. Rb8+ Kg7 29. Ra8 Bh3 0-1

[Event "57th Biel Rapid Open"]
[Site "Biel SUI"]
[Date "2024.07.14"]
[Round "5.10"]
[White "Macovei, Andrei"]
[Black "Papaux, Steve"]
[Result "1-0"]
[WhiteTitle "IM"]
[WhiteElo "2479"]
[BlackElo "2228"]
[WhiteFideId "13904680"]
[BlackFideId "1337602"]
[EventDate "2024.07.14"]
[EventType "swiss"]

1. e4 e5 2. Nf3 Nc6 3. Bc4 Nf6 4. d3 Bc5 5. c3 d6 6. O-O a5 7. Nbd2 O-O 8. Bb3
Ba7 9. h3 Ne7 10. Re1 Ng6 11. Nf1 b5 12. d4 Bb7 13. Ng3 c5 14. d5 c4 15. Bc2 h6
16. Nf5 Bc8 17. Ne3 Nf4 18. a4 Bd7 19. axb5 Bxb5 20. Nf5 N6h5 21. Be3 Kh7 22. g3
Bxe3 23. Rxe3 g6 24. gxf4 exf4 25. Re1 gxf5 26. e5 Ng7 27. Kh2 Qb6 28. Qd4 Rfb8
29. exd6 Qxd6 30. Ne5 f3 31. Kh1 Rd8 32. Nxf7 Qg6 33. Rg1 Qxf7 34. Rg3 Rxd5 35.
Qh4 Rd2 36. Rag1 Rg8 37. Bb1 Rxf2 38. Rxg7+ Rxg7 39. Rxg7+ Kxg7 40. Qxf2 Qg6 41.
Qa7+ Kh8 42. Qb8+ Be8 43. Qe5+ Kh7 44. Bxf5 1-0

[Event "57th Biel Rapid Open"]
[Site "Biel SUI"]
[Date "2024.07.14"]
[Round "5.11"]
[White "Krishnan, Ritvik"]
[Black "Tahay, Alexis"]
[Result "1-0"]
[WhiteTitle "FM"]
[BlackTitle "IM"]
[WhiteElo "2246"]
[BlackElo "2392"]
[WhiteFideId "45055297"]
[BlackFideId "26090961"]
[EventDate "2024.07.14"]
[EventType "swiss"]

1. e4 c5 2. Nf3 d6 3. d4 cxd4 4. Nxd4 Nf6 5. Nc3 Nc6 6. Bg5 e6 7. Qd2 Qb6 8. Nb3
a6 9. O-O-O Be7 10. f3 O-O 11. g4 Rd8 12. Be3 Qc7 13. g5 Nd7 14. h4 b5 15. h5
Nc5 16. Kb1 b4 17. Ne2 Nxb3 18. cxb3 d5 19. Qc2 dxe4 20. Rxd8+ Bxd8 21. Qxe4 Bb7
22. g6 Ne5 23. gxf7+ Nxf7 24. Qxe6 Qe5 25. Bh3 Bf6 26. Nd4 Re8 27. Qxe5 Nxe5 28.
Rf1 Nxf3 29. Ne6 Bd5 30. Bc1 h6 31. Nc7 Be4+ 32. Ka1 Re7 33. Nxa6 Nd4 34. Nxb4
Rb7 35. a3 Be7 36. Bc8 Rb8 37. Ba6 Ra8 38. Bc4+ Kh7 39. Rf4 Bxb4 40. Rxe4 Nc6
41. Bd5 1-0

[Event "57th Biel Rapid Open"]
[Site "Biel SUI"]
[Date "2024.07.14"]
[Round "5.12"]
[White "Rosen, Eric"]
[Black "Menzi, Jonas"]
[Result "1-0"]
[WhiteTitle "IM"]
[WhiteElo "2374"]
[BlackElo "2100"]
[WhiteFideId "2032562"]
[BlackFideId "1345133"]
[EventDate "2024.07.14"]
[EventType "swiss"]

1. d4 d5 2. Bf4 Nf6 3. e3 e6 4. Nf3 Bd6 5. Ne5 O-O 6. Nd2 c5 7. c3 Nc6 8. Bd3
Qc7 9. Ndf3 Ne4 10. O-O Ne7 11. Bxe4 dxe4 12. dxc5 Bxc5 13. Ng5 Nd5 14. Nxe4
Nxf4 15. exf4 Be7 16. Qf3 b6 17. Rad1 f6 18. Nc6 Bb7 19. Nxe7+ Qxe7 20. Qe3 Rad8
21. Ng3 Qf7 22. Rfe1 Rfe8 23. f3 Rxd1 24. Rxd1 e5 25. b3 Qc7 26. Re1 Bc6 27.
fxe5 Rxe5 28. Qd2 Rd5 29. Qf2 Qd7 30. Nf1 Rd3 31. c4 Rd1 32. Rxd1 Qxd1 33. Qd2
Qa1 34. Qd8+ 1-0

[Event "57th Biel Rapid Open"]
[Site "Biel SUI"]
[Date "2024.07.14"]
[Round "5.13"]
[White "Bex, Pierre-Alain"]
[Black "Sukandar, Irine Kharisma"]
[Result "0-1"]
[BlackTitle "IM"]
[WhiteElo "2119"]
[BlackElo "2338"]
[WhiteFideId "1300814"]
[BlackFideId "7101937"]
[EventDate "2024.07.14"]
[EventType "swiss"]

1. e4 e5 2. Nf3 Nc6 3. Bc4 Nf6 4. d3 Be7 5. Nbd2 O-O 6. h3 d5 7. Bb5 Nd4 8. Ba4
dxe4 9. dxe4 b5 10. Bb3 c5 11. Nxd4 exd4 12. e5 Nd5 13. Bxd5 Qxd5 14. Nf3 f6 15.
exf6 Rxf6 16. Qd3 Re6+ 17. Kf1 b4 18. Kg1 Ba6 19. Qd2 Rf8 0-1

[Event "57th Biel Rapid Open"]
[Site "Biel SUI"]
[Date "2024.07.14"]
[Round "5.14"]
[White "Munkhzul, Turmunkh"]
[Black "Lyutsinger, Iren"]
[Result "1/2-1/2"]
[WhiteTitle "WGM"]
[WhiteElo "2250"]
[BlackElo "2088"]
[WhiteFideId "4901878"]
[BlackFideId "34425969"]
[EventDate "2024.07.14"]
[EventType "swiss"]

1. e4 c5 2. Nf3 d6 3. d4 cxd4 4. Nxd4 Nf6 5. Nc3 a6 6. Be3 e5 7. Nb3 Be6 8. Be2
Be7 9. O-O O-O 10. Qd2 b5 11. f3 Nbd7 12. Rfd1 Rc8 13. Bf1 Nb6 14. Qf2 Nc4 15.
Bxc4 Rxc4 16. Nc5 Qc8 17. Nxe6 fxe6 18. Qg3 b4 19. Na4 Rxc2 20. Rac1 Qc6 21. b3
Kf7 22. Nb6 Nh5 23. Qe1 Nf4 24. Bxf4 Qxb6+ 25. Be3 Qc6 26. Qxb4 d5 27. Rxc2 Qxc2
28. Qd2 Qxd2 29. Bxd2 Ba3 30. Bc1 Bc5+ 31. Kf1 dxe4 32. fxe4 Kg6+ 33. Ke1 Bd4
34. Rd3 Rc8 35. Kd1 Kf7 36. Be3 Ke8 37. Kd2 Bb2 38. Kd1 Bd4 39. Ke2 Bxe3 40.
Kxe3 Rc2 41. Rd2 Rc3+ 42. Ke2 Ke7 43. Rb2 a5 44. Kd2 Rc5 45. Rc2 Rb5 46. Rc7+
Kf6 47. Kc3 h5 48. a3 Rb8 49. b4 axb4+ 50. axb4 g6 51. Kc4 Kg5 52. Rf7 Rd8 53.
b5 Rd4+ 54. Kc5 Rxe4 55. b6 Re2 56. b7 Rb2 57. Kc4 e4 58. Kd4 Rb4+ 59. Ke3 h4
60. h3 Kh5 61. Re7 Kg5 62. Rf7 Kh5 63. Re7 Kg5 64. Rxe6 Rxb7 65. Re5+ Kf6 66.
Rxe4 Rb3+ 67. Kf2 g5 68. Rd4 Kf5 69. Rd5+ Kf4 70. Rd4+ Ke5 71. Ra4 Rb2+ 72. Kf3
Rb3+ 73. Kf2 Rd3 74. Ra8 Rd5 75. Rf8 Ke4 76. Re8+ Kf4 77. Rf8+ Ke4 78. Re8+ 1/2-1/2

[Event "57th Biel Rapid Open"]
[Site "Biel SUI"]
[Date "2024.07.14"]
[Round "5.15"]
[White "Illijin, Neboisa"]
[Black "Juksta, Karolis"]
[Result "0-1"]
[WhiteTitle "IM"]
[BlackTitle "IM"]
[WhiteElo "2141"]
[BlackElo "2400"]
[WhiteFideId "1200798"]
[BlackFideId "12809039"]
[EventDate "2024.07.14"]
[EventType "swiss"]

1. e4 e6 2. d4 d5 3. e5 c5 4. c3 Nc6 5. Nf3 Nh6 6. a3 Nf5 7. Bd3 Nh4 8. Nxh4
Qxh4 9. O-O cxd4 10. g3 Qd8 11. cxd4 Nxd4 12. Nc3 Bd7 13. Be3 Nc6 14. Re1 d4 15.
Bxd4 Nxd4 16. Qg4 Bc6 17. Ne4 Qb6 18. Rac1 Rd8 19. b4 h5 20. Qf4 Be7 21. Rc5
Bxe4 22. Bxe4 Bxc5 23. bxc5 Qxc5 24. Bxb7 Qb5 25. Qe4 O-O 26. Kg2 Rd7 27. Rb1
Qe2 28. Qf4 Nc2 29. Be4 Rd4 30. Bf3 Rxf4 31. Bxe2 Re4 0-1

[Event "57th Biel Rapid Open"]
[Site "Biel SUI"]
[Date "2024.07.14"]
[Round "5.16"]
[White "Olarte, Stefan"]
[Black "Haimovich, Tal"]
[Result "0-1"]
[BlackTitle "IM"]
[WhiteElo "1902"]
[BlackElo "2324"]
[WhiteFideId "1356232"]
[BlackFideId "2801698"]
[EventDate "2024.07.14"]
[EventType "swiss"]

1. c4 Nf6 2. Nf3 d6 3. g3 e5 4. d3 Bg4 5. Bg2 Nc6 6. h3 Bd7 7. Nc3 Be7 8. Rb1 a5
9. a3 O-O 10. b4 axb4 11. axb4 Qc8 12. g4 Nd4 13. Nxd4 exd4 14. Ne4 Ra2 15. Qb3
Qa8 16. b5 Nxe4 17. Bxe4 f5 18. gxf5 Bxf5 19. Bf3 Be6 20. Rg1 Kh8 21. Bxb7 Rxe2+
22. Kxe2 Qxb7 23. Rb2 Qf3+ 24. Ke1 Bh4 25. Qc2 Bd7 26. Qe2 Re8 27. Be3 Rxe3 0-1

[Event "57th Biel Rapid Open"]
[Site "Biel SUI"]
[Date "2024.07.14"]
[Round "5.17"]
[White "Arcuti, Davide"]
[Black "Frey, Fabian"]
[Result "1-0"]
[WhiteTitle "IM"]
[WhiteElo "2398"]
[BlackElo "2184"]
[WhiteFideId "1323725"]
[BlackFideId "1336487"]
[EventDate "2024.07.14"]
[EventType "swiss"]

1. d4 Nf6 2. Bg5 e6 3. Nf3 h6 4. Bh4 c5 5. e3 Nc6 6. Nbd2 d5 7. c3 cxd4 8. exd4
Be7 9. Bd3 Bd7 10. O-O Nh5 11. Bxe7 Qxe7 12. Re1 Nf6 13. Ne5 O-O 14. f4 Qd6 15.
Re3 Ne7 16. g4 Nh7 17. g5 Nf5 18. Bxf5 exf5 19. gxh6 g6 20. Kh1 Kh8 21. Qe1 Nf6
22. Qh4 Ba4 23. b3 Bb5 24. a4 Ba6 25. Rg1 Nh5 26. Rg5 Kh7 27. Rxh5 gxh5 28. Qxh5
Qf6 29. Nd7 Qg6 30. Nxf8+ Rxf8 31. Qxg6+ Kxg6 32. Nf3 b5 33. Nh4+ Kf6 34. Re5
bxa4 35. Rxf5+ Ke6 36. Re5+ Kf6 37. bxa4 Bd3 38. Kg1 Rg8+ 39. Rg5 Rxg5+ 40.
fxg5+ Kxg5 41. Nf3+ Kxh6 42. Ne5 Bc2 43. a5 Kg7 44. Nc6 a6 45. Nb4 Bd1 46. Nxa6
Kf6 47. Nc7 Ke7 48. a6 1-0

[Event "57th Biel Rapid Open"]
[Site "Biel SUI"]
[Date "2024.07.14"]
[Round "5.18"]
[White "Sadeghi, Hassan Roger"]
[Black "Kersten, Uwe"]
[Result "0-1"]
[BlackTitle "IM"]
[WhiteElo "2057"]
[BlackElo "2186"]
[WhiteFideId "1304712"]
[BlackFideId "4615646"]
[EventDate "2024.07.14"]
[EventType "swiss"]

1. Nf3 c5 2. e3 Nf6 3. d4 e6 4. c4 a6 5. Nc3 d5 6. dxc5 Bxc5 7. a3 O-O 8. b4 Bd6
9. Bb2 dxc4 10. Bxc4 b5 11. Bd3 Bb7 12. O-O Qe7 13. Ng5 Rd8 14. Qe2 Nc6 15. Nge4
Nxe4 16. Nxe4 Ne5 17. Bxe5 Bxe5 18. Rad1 Bd5 19. f4 Bc7 20. Qh5 f5 21. Nc3 Bb3
22. Rb1 0-1

[Event "57th Biel Rapid Open"]
[Site "Biel SUI"]
[Date "2024.07.14"]
[Round "5.19"]
[White "Pisan, Kai"]
[Black "Vincenti, Leonardo"]
[Result "0-1"]
[BlackTitle "CM"]
[WhiteElo "2016"]
[BlackElo "2163"]
[WhiteFideId "39904881"]
[BlackFideId "28550820"]
[EventDate "2024.07.14"]
[EventType "swiss"]

1. d4 d5 2. c4 e6 3. Nf3 Nf6 4. g3 Bb4+ 5. Nbd2 O-O 6. Bg2 dxc4 7. O-O c5 8. a3
Bxd2 9. Qxd2 cxd4 10. Qxd4 Qxd4 11. Nxd4 a6 12. Be3 Ng4 13. Rac1 Nxe3 14. fxe3
e5 15. Nf5 Be6 16. Nd6 Nd7 17. Nxc4 Rab8 18. Na5 b5 19. Nc6 Rb6 20. Rfd1 f6 21.
Rd6 Re8 22. Rcd1 Nf8 23. Ne7+ Rxe7 24. Rxb6 Bc4 25. Rd8 Kf7 26. Rxa6 Ne6 27.
Rdd6 Nc7 28. Ra7 Bxe2 29. Rc6 Ne8 30. Bd5+ Kf8 31. Ra8 Rd7 32. e4 Bh5 33. Rcc8
Ke7 34. Bc6 Rd1+ 35. Kf2 Rd2+ 36. Ke3 Re2+ 37. Kd3 f5 38. Bxe8 fxe4+ 39. Kc3
Re3+ 40. Kd2 Rd3+ 41. Kc2 Bd1+ 42. Kc1 e3 43. Rc3 e2 44. Rxd3 e1=Q 45. Rxd1 Qe3+
46. Kb1 Qe4+ 47. Ka1 Qxa8 48. Bxb5 Qf3 49. Rd2 e4 50. a4 e3 51. Re2 Kd6 52. Ka2
Kc5 53. Kb3 Qd5+ 54. Kc3 Qd4+ 55. Kc2 Kb4 56. Kb1 Kb3 57. Rc2 Qe4 58. Bc4+ Kxa4
59. b3+ Kb4 60. Kb2 Qd4+ 61. Ka2 Qa7+ 62. Kb2 Qd4+ 63. Ka2 Qd1 64. Kb2 g5 65.
Be2 Qg1 66. Bg4 e2 67. Bxe2 Qxh2 68. Rc4+ Ka5 69. g4 Qxe2+ 70. Ka3 Qe7+ 71. Kb2
Kb5 72. Kc3 Qe3+ 73. Kb2 h6 74. Ka3 Qh3 75. Re4 h5 76. gxh5 Qxh5 77. Kb2 g4 78.
Kc3 g3 79. Kd3 Qd5+ 0-1

[Event "57th Biel Rapid Open"]
[Site "Biel SUI"]
[Date "2024.07.14"]
[Round "5.20"]
[White "Schlegel, Igor"]
[Black "Kheerthi, Ganta"]
[Result "1-0"]
[WhiteTitle "FM"]
[BlackTitle "WFM"]
[WhiteElo "2233"]
[BlackElo "1918"]
[WhiteFideId "1334956"]
[BlackFideId "25626280"]
[EventDate "2024.07.14"]
[EventType "swiss"]

1. e4 e5 2. Nf3 Nc6 3. Bc4 Nf6 4. Ng5 d5 5. exd5 Na5 6. Bb5+ c6 7. dxc6 bxc6 8.
Bd3 h6 9. Ne4 Nd5 10. O-O Be7 11. Re1 O-O 12. Ng3 Nf4 13. Bf5 Bb7 14. Rxe5 c5
15. Be4 Nc4 16. Rf5 Bxe4 17. Nxe4 Ne6 18. d3 Nb6 19. Nbc3 c4 20. dxc4 Qxd1+ 21.
Nxd1 Nd4 22. Re5 Rfe8 23. Ne3 f6 24. Rh5 f5 25. Nxf5 Nxc2 26. Rb1 Nxc4 27. Bf4
Nb4 28. b3 Nb6 29. f3 Nxa2 30. Ra1 Nb4 31. Nxe7+ Rxe7 32. Bd6 Nc2 33. Rc1 Rxe4
34. fxe4 Nd4 35. Rc7 Rc8 36. Rhc5 Re8 37. Re5 Rd8 38. Be7 Ra8 39. b4 g6 40. Bf6
Ne2+ 41. Kf1 Nf4 42. Rg7+ Kf8 43. Ree7 Rc8 44. Rgf7+ Kg8 45. Rg7+ Kf8 46. Rgf7+
Kg8 47. Rh7 1-0

[Event "57th Biel Rapid Open"]
[Site "Biel SUI"]
[Date "2024.07.14"]
[Round "5.22"]
[White "Harish, Neeraj"]
[Black "Pappier, Carlos"]
[Result "1-0"]
[WhiteTitle "CM"]
[WhiteElo "2123"]
[BlackElo "2202"]
[WhiteFideId "30958130"]
[BlackFideId "102598"]
[EventDate "2024.07.14"]
[EventType "swiss"]

1. e4 c6 2. d4 d5 3. e5 Bf5 4. h4 h5 5. Bd3 Bxd3 6. Qxd3 e6 7. Bg5 Qb6 8. Nd2
Ne7 9. Ngf3 Nd7 10. O-O Nf5 11. c4 Qa6 12. b3 Ba3 13. Rfd1 O-O 14. Nf1 Rfc8 15.
Ne3 Nxe3 16. Bxe3 Nb6 17. Ng5 g6 18. g4 dxc4 19. Qe4 hxg4 20. h5 Kf8 21. hxg6
Ke7 22. gxf7 Nd5 23. Qg6 c5 24. bxc4 Nxe3 25. fxe3 cxd4 26. Rxd4 1-0

[Event "57th Biel Rapid Open"]
[Site "Biel SUI"]
[Date "2024.07.14"]
[Round "5.23"]
[White "Georgescu, Lena"]
[Black "Kuhn, Thomas"]
[Result "1-0"]
[WhiteTitle "FM"]
[WhiteElo "2209"]
[BlackElo "2094"]
[WhiteFideId "1331973"]
[BlackFideId "1304135"]
[EventDate "2024.07.14"]
[EventType "swiss"]

1. e4 g6 2. d4 Bg7 3. Nf3 d6 4. Be2 Nf6 5. Nc3 O-O 6. O-O c6 7. a4 Qc7 8. h3 e5
9. dxe5 dxe5 10. Bc4 Rd8 11. Qe2 Qe7 12. Ng5 Rf8 13. f4 exf4 14. Bxf4 Nh5 15.
Nxf7 Nxf4 16. Rxf4 Be6 17. Bxe6 Qxe6 18. Ng5 1-0

[Event "57th Biel Rapid Open"]
[Site "Biel SUI"]
[Date "2024.07.14"]
[Round "5.24"]
[White "Nasybullina, Alfia"]
[Black "Toktomushev, Teimur"]
[Result "1/2-1/2"]
[WhiteTitle "WIM"]
[BlackTitle "FM"]
[WhiteElo "1997"]
[BlackElo "2300"]
[WhiteFideId "4132416"]
[BlackFideId "14176726"]
[EventDate "2024.07.14"]
[EventType "swiss"]

1. Nf3 d5 2. d4 Nf6 3. c4 e6 4. Nc3 Be7 5. Bf4 O-O 6. e3 b6 7. cxd5 Nxd5 8. Nxd5
Qxd5 9. Bd3 Qa5+ 10. Kf1 Ba6 11. Bxc7 Nc6 12. Bxa6 Qxa6+ 13. Qe2 Qb7 14. Bf4
Rac8 15. a3 Na5 16. Rd1 Qe4 17. Ne1 Bf6 18. f3 Qd5 19. Kf2 Qb3 20. Rd3 Qa4 21.
Bd6 Rfd8 22. Bb4 Nc6 23. Bc3 e5 24. d5 e4 25. fxe4 Bxc3 26. dxc6 Bxe1+ 27. Rxe1
Qxc6 28. Red1 Re8 29. Qf3 g6 30. Rd7 Qe6 31. R1d2 Rc2 32. Rxc2 Qxd7 33. h3 a5
34. Kg1 h5 35. Rf2 Qe6 36. Qf6 Qb3 37. e5 b5 38. Kh2 Qd5 39. e6 Qxe6 40. Qxe6
Rxe6 41. Re2 f5 42. Kg3 Kg7 43. Kf3 Kf6 44. Rc2 Re5 45. h4 Rd5 46. Rc6+ Kf7 47.
Rb6 Rc5 48. g3 Kg7 49. Kf4 Rc4+ 50. Kf3 Rc5 51. Kf4 Rc4+ 52. Kf3 Rc5 1/2-1/2

[Event "57th Biel Rapid Open"]
[Site "Biel SUI"]
[Date "2024.07.14"]
[Round "5.25"]
[White "Vemparala, Nikash"]
[Black "Jud, Marc"]
[Result "1-0"]
[WhiteTitle "CM"]
[WhiteElo "2150"]
[BlackElo "1925"]
[WhiteFideId "30960967"]
[BlackFideId "1309099"]
[EventDate "2024.07.14"]
[EventType "swiss"]

1. e4 c5 2. Nf3 d6 3. d4 cxd4 4. Nxd4 Nf6 5. Nc3 a6 6. f3 e5 7. Nb3 Be6 8. Be3
Nc6 9. Qd2 Be7 10. O-O-O O-O 11. g4 b5 12. g5 Nd7 13. h4 Na5 14. Nxa5 Qxa5 15.
Kb1 Qc7 16. Bh3 Nb6 17. Bxb6 Qxb6 18. h5 b4 19. Nd5 Bxd5 20. exd5 a5 21. g6 h6
22. gxf7+ Kh8 23. Be6 Bg5 24. Qd3 Qd8 25. Rdg1 Qf6 26. Qg6 Ra7 27. Bf5 Qxg6 28.
hxg6 Bf4 29. Re1 a4 30. Re4 b3 31. cxb3 axb3 32. axb3 Ra5 33. Rc4 Raa8 34. Re1
Bg5 35. Re2 Rfb8 36. Rec2 Be7 37. Rc8+ Rxc8 38. Rxc8+ Rxc8 39. Bxc8 h5 40. b4 1-0

[Event "57th Biel Rapid Open"]
[Site "Biel SUI"]
[Date "2024.07.14"]
[Round "5.26"]
[White "Tcheau, Alain"]
[Black "Gaehwiler, Gabriel"]
[Result "0-1"]
[BlackTitle "IM"]
[WhiteElo "1991"]
[BlackElo "2398"]
[WhiteFideId "1306014"]
[BlackFideId "1314530"]
[EventDate "2024.07.14"]
[EventType "swiss"]

1. d4 Nf6 2. Nc3 d5 3. e3 a6 4. f4 c5 5. Nf3 Nc6 6. Bd3 Bg4 7. Be2 Bxf3 8. Bxf3
e6 9. Qd3 Rc8 10. O-O cxd4 11. exd4 Nxd4 12. Be3 Nf5 13. Bf2 Bc5 14. Bxc5 Rxc5
15. Ne2 Qb6 16. Qb3 Rb5+ 0-1

[Event "57th Biel Rapid Open"]
[Site "Biel SUI"]
[Date "2024.07.14"]
[Round "5.27"]
[White "Peycheva, Gergana"]
[Black "Arulanantham, Aneet"]
[Result "1-0"]
[WhiteTitle "FM"]
[WhiteElo "2261"]
[BlackElo "1954"]
[WhiteFideId "2916711"]
[BlackFideId "1335189"]
[EventDate "2024.07.14"]
[EventType "swiss"]

1. d4 d5 2. c4 e6 3. Nc3 a6 4. cxd5 exd5 5. Nf3 c6 6. Bf4 Bd6 7. e3 Ne7 8. Bd3
Bf5 9. Bxd6 Qxd6 10. Bxf5 Nxf5 11. Qd3 g6 12. O-O O-O 13. e4 dxe4 14. Nxe4 Qc7
15. Rfe1 Nd7 16. Rac1 Qa5 17. Qb3 Qb5 18. Qc3 Qd5 19. Ne5 f6 20. Nxd7 Qxd7 21.
d5 Qf7 22. dxc6 bxc6 23. Qxc6 Rac8 24. Qxf6 Qxa2 25. Rxc8 Rxc8 26. Qe5 Ng7 27.
h3 Qa4 28. Nd6 Rf8 29. Qd5+ Kh8 1-0

[Event "57th Biel Rapid Open"]
[Site "Biel SUI"]
[Date "2024.07.14"]
[Round "5.28"]
[White "Chen, Muxi"]
[Black "Marinkovic, Zoran"]
[Result "1-0"]
[WhiteElo "2030"]
[BlackElo "2105"]
[WhiteFideId "8626073"]
[BlackFideId "1346083"]
[EventDate "2024.07.14"]
[EventType "swiss"]

1. e4 c5 2. Nf3 d6 3. d4 cxd4 4. Nxd4 Nf6 5. Nc3 a6 6. Be2 e6 7. g4 Be7 8. g5
Nfd7 9. f4 b5 10. a3 Bb7 11. Be3 Nc5 12. Bf3 Nc6 13. Qe2 b4 14. Nxc6 Bxc6 15.
axb4 Nd7 16. Rxa6 Bb7 17. Rxa8 Qxa8 18. Kf2 O-O 19. Qb5 Qc8 20. Ra1 Bc6 21. Qc4
Bd8 22. b5 Bb7 23. Qxc8 Bxc8 24. Rd1 Bc7 25. Na4 Bb7 26. b6 Bb8 27. e5 Bxf3 28.
Kxf3 d5 29. c4 f6 30. exf6 gxf6 31. cxd5 fxg5 32. dxe6 gxf4 33. exd7 fxe3+ 1-0

[Event "57th Biel Rapid Open"]
[Site "Biel SUI"]
[Date "2024.07.14"]
[Round "5.29"]
[White "Haas, Anthony"]
[Black "Chauvon, Guillaume"]
[Result "1-0"]
[WhiteElo "1824"]
[BlackElo "2061"]
[WhiteFideId "1346407"]
[BlackFideId "206784"]
[EventDate "2024.07.14"]
[EventType "swiss"]

1. d4 d5 2. c4 c6 3. Nf3 Nf6 4. g3 g6 5. Bg2 Bg7 6. O-O O-O 7. Nbd2 b6 8. Ne5
Bb7 9. Qc2 Nbd7 10. Nxd7 Qxd7 11. Rd1 Rac8 12. b3 Rfd8 13. Bb2 c5 14. dxc5 Rxc5
15. Rac1 Rcc8 16. Ne4 Nxe4 17. Bxe4 e5 18. Bxd5 Bxd5 19. Rxd5 Qe6 20. Rxd8+ Rxd8
21. Rd1 Rxd1+ 22. Qxd1 h5 23. e4 h4 24. Qd8+ Bf8 25. Ba3 Qe8 1-0